<?xml version="1.0" encoding="UTF-8"?>
<collection xmlns="http://www.loc.gov/MARC21/slim">
 <record>
  <leader>00690pam a22002178a 4500</leader>
  <controlfield tag="001">00041122</controlfield>
  <controlfield tag="005">20180329080346.0</controlfield>
  <controlfield tag="008">110419s1996                  ||||||Viesd</controlfield>
  <datafield tag="020" ind1="#" ind2="#">
   <subfield code="c">7300</subfield>
  </datafield>
  <datafield tag="041" ind1="0" ind2="#">
   <subfield code="a">Vie</subfield>
  </datafield>
  <datafield tag="082" ind1="1" ind2="#">
   <subfield code="a">531.1</subfield>
   <subfield code="b">C460H</subfield>
  </datafield>
  <datafield tag="100" ind1="0" ind2="#">
   <subfield code="a">Đỗ Sanh</subfield>
  </datafield>
  <datafield tag="245" ind1="0" ind2="0">
   <subfield code="a">Cơ học</subfield>
   <subfield code="c">Đỗ Sanh</subfield>
   <subfield code="n">T.2</subfield>
   <subfield code="p">Phần động lực học</subfield>
  </datafield>
  <datafield tag="250" ind1="#" ind2="#">
   <subfield code="a">Tái bản lần thứ 4 có sữa chữa</subfield>
  </datafield>
  <datafield tag="260" ind1="#" ind2="#">
   <subfield code="a">Hà Nội</subfield>
   <subfield code="b">Giáo dục</subfield>
   <subfield code="c">1999</subfield>
  </datafield>
  <datafield tag="300" ind1="#" ind2="#">
   <subfield code="a">tr.</subfield>
   <subfield code="b">hình vẻ</subfield>
   <subfield code="c">21cm.</subfield>
  </datafield>
  <datafield tag="653" ind1="#" ind2="#">
   <subfield code="a">Cơ học</subfield>
  </datafield>
  <datafield tag="653" ind1="#" ind2="#">
   <subfield code="a">Động lực học</subfield>
  </datafield>
  <datafield tag="852" ind1="#" ind2="#">
   <subfield code="j">KM.0024606</subfield>
  </datafield>
  <datafield tag="910" ind1=" " ind2=" ">
   <subfield code="d">29/03/2018</subfield>
  </datafield>
  <datafield tag="980" ind1="#" ind2="#">
   <subfield code="a">Trung tâm Học liệu Lê Vũ Hùng, Trường Đại học Đồng Tháp</subfield>
  </datafield>
 </record>
</collection>
